|
|
|
|
| LEADER |
01271nam a2200349Ia 4500 |
| 001 |
EBC232173 |
| 003 |
MiAaPQ |
| 005 |
20200520144314.0 |
| 006 |
m o d | |
| 007 |
cr cn||||||||| |
| 008 |
000815s2003 enk s 000 0 eng d |
| 020 |
|
|
|z 0861768310
|
| 035 |
|
|
|a (MiAaPQ)EBC232173
|
| 035 |
|
|
|a (Au-PeEL)EBL232173
|
| 035 |
|
|
|a (CaPaEBR)ebr10052827
|
| 035 |
|
|
|a (CaONFJC)MIL51175
|
| 035 |
|
|
|a (OCoLC)133163650
|
| 040 |
|
|
|a MiAaPQ
|c MiAaPQ
|d MiAaPQ
|
| 050 |
|
4 |
|a HD70.A47
|b A47 2003
|
| 245 |
0 |
0 |
|a Africa can claim the 21st century
|h [electronic resource] /
|c Guest editors Sonny Nwankwo and Robert Rugimbana.
|
| 260 |
|
|
|a Bradford, England :
|b Emerald Group Publishing,
|c c2003.
|
| 300 |
|
|
|a 103 p.
|
| 490 |
1 |
|
|a Management decision ;
|v v.41, no. 3
|
| 533 |
|
|
|a Electronic reproduction. Ann Arbor, MI : ProQuest, 2015. Available via World Wide Web. Access may be limited to ProQuest affiliated libraries.
|
| 650 |
|
0 |
|a Management
|z Africa.
|
| 651 |
|
0 |
|a Africa
|x History.
|
| 655 |
|
4 |
|a Electronic books.
|
| 700 |
1 |
|
|a Nwankwo, Sonny.
|
| 700 |
1 |
|
|a Rugimbana, Robert.
|
| 710 |
2 |
|
|a ProQuest (Firm)
|
| 830 |
|
0 |
|a Management decision ;
|v v.41, no. 3.
|
| 856 |
4 |
0 |
|u https://ebookcentral.proquest.com/lib/matrademy/detail.action?docID=232173
|z Click to View
|